Türkiye'de bölgelerarası gelişmişlik farkları açısından Türkiye (Record no. 3596)

MARC details
000 -BAŞLIK
Sabit Uzunlukta Kontrol Alanı 00797na a2200241 4500
001 - KONTROL NUMARASI
Denetim Alanı 20507
003 - KONTROL NUMARASI IDENTIFIER
Denetim Alanı MIRAKIL
005 - SON İŞLEM TARİHİ VE ZAMANI
Denetim Alanı 20181213154937.0
008 - SABİT-BOY VERİ ELEMANLARI - GENEL BİLGİLER
Sabit Uzunlukta Kontrol Alanı 170123b tu 000 0
020 ## - ULUSLARARASI STANDART KİTAP NUMARASI
Uluslararası Standart Kitap Numarası 9759839911
040 ## - KATALOGLAMA KAYNAK
Orijinal Kataloglama Ajansı Milas
Kataloglama Dili tur
Metne Dönüştürmek Ajansı TR-AnCHP
041 ## - DİL KODU
Metin / Ses Parça Veya Ayrı Başlığın Dil Kodu tur
082 ## - DEWEY ONLU SINIFLANDIRMA NUMARASI
Sınıflandırma Numarası 338.9561
Ürün Numarası B74 2006
090 ## - SINIFLAMA NUMARASI
Sınıflama Numarası 338.9561 B74 2006
245 ## - BAŞLIK TABLOSU
Başlık Türkiye'de bölgelerarası gelişmişlik farkları açısından Türkiye
Sorumluluk Tablosu, Vb USİAD
260 ## - YAYIN, DAĞITIM, VB
Yayın, Dağıtım, Vb Yeri Ankara
Yayıncı, Dağıtıcı, Vs Adı [yayl.y.]
Yayın, Dağıtım, Vb Tarihi 2006
Üretici Firma Öncü Grafik
300 ## - FİZİKSEL TANIM
Kapsam 115 s.
Diğer Fiziksel Ayrıntıları tbl.; grf.; hrt.
Boyutlar 23 sm.
650 ## - KONU KATMA GİRİŞ - TOPİKAL DÖNEM
Topikal Süreli Veya Coğrafi Ad Giriş Elemanı Ekonomi
Genel Alt Bölümü Bölgesel gelişim
Coğrafi Alt Bölümü Türkiye
650 ## - KONU KATMA GİRİŞ - TOPİKAL DÖNEM
Topikal Süreli Veya Coğrafi Ad Giriş Elemanı Ekonomi
Genel Alt Bölümü Büyüme ve gelişme
Coğrafi Alt Bölümü Türkiye
651 ## - KONU KATMA GİRİŞ - COĞRAFİ ADI
Coğrafi İsim Türkiye
Genel Alt Bölümü Büyüme ve gelişme
Kronolojik Alt Bölümü Bölgesel gelişim
710 ## - KATMA GİRİŞ - KURUMSAL ADI
Giriş Elemanı Olarak Kurumsal Ad Veya Yargı Alanı Adı Ulusal Sanayici ve İşadamları Derneği (USİAD)
942 ## - EKLENDİ GİRİŞ ELEMANLARI (KOHA)
Sınıflandırma Veya Raf Düzeni Kaynak
Koha Öğesi Türü Books
999 ## - SİSTEM KONTROL NUMARALARI (KOHA)
Koha Biblionumber 3596
Koha Biblioitemnumber 3596
Holdings
Kalıcı Konum Mevcut Konum Edinme Tarihi Edinim Kaynak Toplam Check-Out'Lar Tam Çağrı Numarası Barkod Tarih Son Görülme İtibaren Geçerli Fiyatlar Koha Öğesi Türü
CHP Kütüphanesi CHP Kütüphanesi 01/23/2017 Bağış   338.9561 B74 2006 012587 01/23/2017 01/23/2017 Books